The Legend of Buddha / (Record no. 25394)

MARC details
000 -LEADER
fixed length control field 01587ngm a2200325 4500
003 - CONTROL NUMBER IDENTIFIER
control field dpl
005 - DATE AND TIME OF LATEST TRANSACTION
control field 20090318171413.0
007 - PHYSICAL DESCRIPTION FIXED FIELD--GENERAL INFORMATION
fixed length control field DVD
008 - FIXED-LENGTH DATA ELEMENTS--GENERAL INFORMATION
fixed length control field ||||||sp199 xxu|||||c ||| 00| 0 ng d
010 ## - LIBRARY OF CONGRESS CONTROL NUMBER
LC control number DVD-001831-1833
024 ## - OTHER STANDARD IDENTIFIER
Standard number or code SHE 1237 F1
Terms of availability 99.00
035 ## - SYSTEM CONTROL NUMBER
System control number DVD-001831-1833
040 ## - CATALOGING SOURCE
Original cataloging agency DPL
Transcribing agency DPL
082 ## - DEWEY DECIMAL CLASSIFICATION NUMBER
Classification number DVD / LEGE
245 ## - TITLE STATEMENT
Title The Legend of Buddha /
Statement of responsibility, etc Pentamedia Graphics Ltd. Presents
Medium [videorecording] DVD/
260 ## - PUBLICATION, DISTRIBUTION, ETC. (IMPRINT)
Name of publisher, distributor, etc Shemaroo Entertainment
300 ## - PHYSICAL DESCRIPTION
Extent 1 videodisc VCD;
Other physical details sd., col. ;
Dimensions 4 3/4 in.
Type of unit VCD
440 ## - SERIES STATEMENT/ADDED ENTRY--TITLE
Title Shemaroo Home Entertainment
500 ## - GENERAL NOTE
General note Moserbaer India Ltd. has obtained the necessary licence/conssent from the owner of the copyright in the wroks for making this Film.
500 ## - GENERAL NOTE
General note Indian Entry in the Animated Film Category for the 2005 Oscar Awards
538 ## - SYSTEM DETAILS NOTE
System details note Dolby Digital 5.1 -Englishi Subtitles: English
650 ## - SUBJECT ADDED ENTRY--TOPICAL TERM
Topical term or geographic name as entry element Animated Movie
700 ## - ADDED ENTRY--PERSONAL NAME
Personal name Phalke, Shamboo S.
700 ## - ADDED ENTRY--PERSONAL NAME
Personal name Rangarajan, Sujatha
942 ## - ADDED ENTRY ELEMENTS (KOHA)
Koha item type CD-ROMs, DVDs, VHS
Source of classification or shelving scheme Dewey Decimal Classification
Classification part DVD
Call number suffix LEGE
Holdings
Withdrawn status Lost status Source of classification or shelving scheme Damaged status Not for loan Home library Current library Date acquired Source of acquisition Cost, normal purchase price Total Checkouts Full call number Barcode Date last seen Date checked out Copy number Cost, replacement price Price effective from Koha item type
    Dewey Decimal Classification     Central Library Central Library 18/03/2009 Purchase 99.00 8 DVD LEGE DVD-001831 10/10/2012 27/09/2012 1 99.00 18/03/2009 CD-ROMs, DVDs, VHS
    Dewey Decimal Classification     Patel Nagar Patel Nagar 18/03/2009 Purchase 99.00 8 DVD LEGE DVD-001833 23/07/2013 18/07/2013 1 99.00 18/03/2009 CD-ROMs, DVDs, VHS
    Dewey Decimal Classification     Sarojini Nagar Sarojini Nagar 18/03/2009 Purchase 99.00 2 DVD LEGE DVD-001832 20/08/2010 30/07/2010 1 99.00 18/03/2009 CD-ROMs, DVDs, VHS

© Delhi Public Library
Hit Counter
free hit counter